[Event "WCO2014"]
[Site "Tromso"]
[Date "2014.08.03"]
[Round "2.4"]
[WhiteID "10101012"]
[White "Pires Luzia"]
[BlackID "11101261"]
[Black "Nurse Lydia"]
[Result "1-0"]
[LiveChessVersion "1.4.3"]
[BlackElo "1364"]
[WhiteElo "1538"]

1. e4 {[%clk 1:30:56]} Nf6 {[%clk 1:30:52]} 2. Nc3 {[%clk 1:28:41]} d5
{[%clk 1:30:59]} 3. e5 {[%clk 1:23:59]} Ne4 {[%clk 1:30:58]} 4. Qf3
{[%clk 1:23:44]} Nxc3 {[%clk 1:29:13]} 5. Qxc3 {[%clk 1:23:36]} Bf5
{[%clk 1:28:07]} 6. d4 {[%clk 1:23:14]} g6 {[%clk 1:27:42]} 7. Nf3
{[%clk 1:23:00]} e6 {[%clk 1:26:40]} 8. Bg5 {[%clk 1:23:03]} Be7 {[%clk 1:25:47]}
9. Bxe7 {[%clk 1:21:37]} Qxe7 {[%clk 1:25:38]} 10. Qb3 {[%clk 1:21:35]} c6
{[%clk 1:19:52]} 11. Be2 {[%clk 1:20:48]} O-O {[%clk 1:19:18]} 12. O-O
{[%clk 1:20:48]} Na6 {[%clk 1:15:34]} 13. Bd3 {[%clk 1:19:23]} Bg4
{[%clk 1:07:07]} 14. Be2 {[%clk 1:18:33]} Rab8 {[%clk 1:04:43]} 15. h3
{[%clk 1:18:26]} Bf5 {[%clk 1:02:40]} 16. Bd3 {[%clk 1:18:16]} Bxd3
{[%clk 1:01:41]} 17. Qxd3 {[%clk 1:18:32]} c5 {[%clk 1:01:25]} 18. c3
{[%clk 1:18:40]} Rfc8 {[%clk 0:59:43]} 19. b3 {[%clk 1:18:18]} cxd4
{[%clk 0:59:32]} 20. cxd4 {[%clk 1:18:29]} Nb4 {[%clk 0:57:18]} 21. Qd2
{[%clk 1:18:05]} Rc2 {[%clk 0:54:51]} 22. Qh6 {[%clk 1:18:19]} f6
{[%clk 0:53:36]} 23. a3 {[%clk 1:17:03]} Nd3 {[%clk 0:50:44]} 24. Qe3
{[%clk 1:14:57]} Nb2 {[%clk 0:45:46]} 25. Rfb1 {[%clk 1:12:27]} Rbc8
{[%clk 0:41:50]} 26. exf6 {[%clk 1:05:46]} Qxf6 {[%clk 0:40:52]} 27. Ng5
{[%clk 1:03:23]} Kh8 {[%clk 0:36:37]} 28. Qe5 {[%clk 0:56:00]} Qxe5
{[%clk 0:28:45]} 29. Nf7+ {[%clk 0:56:06]} Kg7 {[%clk 0:27:54]} 30. Nxe5
{[%clk 0:56:19]} Rf8 {[%clk 0:26:57]} 31. f3 {[%clk 0:52:40]} Nd3
{[%clk 0:13:49]} 32. Nxd3 {[%clk 0:52:06]} Rd2 {[%clk 0:12:02]} 33. Nc5
{[%clk 0:52:22]} Rf7 {[%clk 0:09:46]} 34. Rd1 {[%clk 0:51:01]} Rc2
{[%clk 0:09:48]} 35. Nxe6+ {[%clk 0:51:09]} Kf6 {[%clk 0:09:42]} 36. Nf4
{[%clk 0:51:09]} Kg5 {[%clk 0:08:40]} 37. Nxd5 {[%clk 0:50:50]} Kh4
{[%clk 0:08:21]} 38. Ne3 {[%clk 0:50:50]} Re2 {[%clk 0:06:52]} 39. Re1
{[%clk 0:50:38]} Rd2 {[%clk 0:05:59]} 40. Rad1 {[%clk 0:50:44]} Rb2
{[%clk 0:05:32]} 41. Rd3 {[%clk 0:50:53]} g5 {[%clk 0:00:49]} 42. d5
{[%clk 0:50:44]} h5 {[%clk 0:01:01]} 43. Rd4+ {[%clk 0:50:50]} g4
{[%clk 0:01:02]} 44. d6 {[%clk 0:50:12]} Rxf3 {[%clk 0:24:52]} 45. gxf3
{[%clk 1:19:57]} Kxh3 {[%clk 0:21:47]} 46. fxg4 {[%clk 1:19:55]} hxg4
{[%clk 0:21:22]} 47. d7 {[%clk 1:19:49]} 1-0

[Event "WCO2014"]
[Site "Tromso"]
[Date "2014.08.03"]
[Round "2.20"]
[WhiteID "8400474"]
[White "Ortiz Katherine Berenice"]
[BlackID "14800144"]
[Black "Vilhete Vania Fausto Da T."]
[Result "0-1"]
[LiveChessVersion "1.4.3"]
[BlackElo "1832"]
[WhiteElo "1864"]

1. e4 {[%clk 1:30:31]} c5 {[%clk 1:30:52]} 2. Nf3 {[%clk 1:30:54]} d6
{[%clk 1:31:09]} 3. Bb5+ {[%clk 1:31:18]} Bd7 {[%clk 1:31:26]} 4. Bxd7+
{[%clk 1:30:05]} Qxd7 {[%clk 1:31:35]} 5. O-O {[%clk 1:29:52]} Nc6
{[%clk 1:31:33]} 6. d4 {[%clk 1:29:26]} cxd4 {[%clk 1:31:17]} 7. Nxd4
{[%clk 1:29:49]} Nf6 {[%clk 1:30:54]} 8. Nc3 {[%clk 1:28:12]} e6 {[%clk 1:28:28]}
9. Bg5 {[%clk 1:25:45]} Be7 {[%clk 1:26:58]} 10. Ndb5 {[%clk 1:22:07]} a6
{[%clk 1:15:33]} 11. Bxf6 {[%clk 1:21:36]} gxf6 {[%clk 1:15:40]} 12. Nd4
{[%clk 1:21:58]} h5 {[%clk 1:14:20]} 13. a3 {[%clk 1:21:37]} Bd8 {[%clk 1:12:48]}
14. Qd2 {[%clk 1:19:10]} Bb6 {[%clk 1:11:05]} 15. Nxc6 {[%clk 1:18:28]} Qxc6
{[%clk 1:07:57]} 16. Qf4 {[%clk 1:17:39]} Ke7 {[%clk 1:05:00]} 17. Rad1
{[%clk 1:17:44]} Rag8 {[%clk 1:04:20]} 18. h3 {[%clk 1:17:44]} Bd8
{[%clk 0:55:18]} 19. Rfe1 {[%clk 1:17:54]} Rg6 {[%clk 0:54:37]} 20. Nd5+
{[%clk 1:16:02]} Kd7 {[%clk 0:50:37]} 21. Nb4 {[%clk 1:16:19]} Qb6
{[%clk 0:49:08]} 22. Qe3 {[%clk 1:12:36]} Rhg8 {[%clk 0:44:48]} 23. Qf3
{[%clk 1:09:48]} Rg3 {[%clk 0:34:27]} 24. Qxh5 {[%clk 1:06:00]} Rxg2+
{[%clk 0:34:19]} 25. Kh1 {[%clk 1:06:27]} Rh2+ {[%clk 0:34:21]} 0-1

[Event "WCO2014"]
[Site "Tromso"]
[Date "2014.08.03"]
[Round "2.18"]
[WhiteID "8400482"]
[White "Fernandez Mirna Graciela"]
[BlackID "14800250"]
[Black "Castro Neusa Aridas De"]
[Result "1/2-1/2"]
[LiveChessVersion "1.4.3"]
[BlackElo "1467"]
[WhiteElo "1521"]

1. e4 {[%clk 1:30:56]} e6 {[%clk 1:30:42]} 2. d4 {[%clk 1:31:15]} d5
{[%clk 1:30:43]} 3. exd5 {[%clk 1:30:53]} exd5 {[%clk 1:31:04]} 4. Nf3
{[%clk 1:30:58]} Be7 {[%clk 1:30:08]} 5. Nc3 {[%clk 1:29:19]} c6 {[%clk 1:30:05]}
6. Be2 {[%clk 1:27:06]} Nf6 {[%clk 1:30:25]} 7. O-O {[%clk 1:27:19]} O-O
{[%clk 1:30:49]} 8. Re1 {[%clk 1:25:44]} Nbd7 {[%clk 1:30:46]} 9. b3
{[%clk 1:19:37]} Re8 {[%clk 1:29:59]} 10. Bb2 {[%clk 1:18:18]} Nf8
{[%clk 1:28:06]} 11. Ne5 {[%clk 1:11:17]} Bd6 {[%clk 1:27:22]} 12. Bd3
{[%clk 0:55:39]} Qc7 {[%clk 1:25:41]} 13. Nf3 {[%clk 0:45:19]} Ne6
{[%clk 1:24:07]} 14. Ne2 {[%clk 0:40:22]} Bd7 {[%clk 1:23:26]} 15. c4
{[%clk 0:33:10]} dxc4 {[%clk 1:18:54]} 16. bxc4 {[%clk 0:32:08]} Ng4
{[%clk 1:10:32]} 17. h3 {[%clk 0:29:31]} Nh2 {[%clk 1:07:45]} 18. Nxh2
{[%clk 0:25:54]} Bxh2+ {[%clk 1:08:05]} 19. Kh1 {[%clk 0:25:48]} Bd6
{[%clk 1:07:53]} 20. Qc2 {[%clk 0:25:05]} g6 {[%clk 1:05:29]} 21. Qc3
{[%clk 0:21:01]} Ng7 {[%clk 1:04:47]} 22. Ng3 {[%clk 0:14:11]} Bf8
{[%clk 1:03:43]} 23. Ne4 {[%clk 0:14:03]} Qd8 {[%clk 0:59:03]} 24. d5
{[%clk 0:11:43]} Kh8 {[%clk 0:56:03]} 25. Nd6 {[%clk 0:10:39]} Rxe1+
{[%clk 0:54:03]} 26. Rxe1 {[%clk 0:10:59]} Kg8 {[%clk 0:50:05]} 27. Nxb7
{[%clk 0:09:08]} Qc7 {[%clk 0:48:53]} 28. Nc5 {[%clk 0:04:49]} cxd5
{[%clk 0:47:10]} 29. Nxd7 {[%clk 0:04:43]} Qxd7 {[%clk 0:46:43]} 30. cxd5
{[%clk 0:04:58]} Rd8 {[%clk 0:42:27]} 1/2-1/2

[Event "WCO2014"]
[Site "Tromso"]
[Date "2014.08.03"]
[Round "2.37"]
[WhiteID "8500924"]
[White "Olatunji Oluwatobiloba"]
[BlackID "12100625"]
[Black "Al-Khelaifi Aisha"]
[Result "1/2-1/2"]
[LiveChessVersion "1.4.3"]
[BlackElo "1690"]
[WhiteElo "1860"]

1. Nf3 {[%clk 1:30:47]} d5 {[%clk 1:30:30]} 2. d4 {[%clk 1:30:56]} c6
{[%clk 1:30:55]} 3. e3 {[%clk 1:30:28]} Nf6 {[%clk 1:30:59]} 4. c4
{[%clk 1:30:42]} a6 {[%clk 1:30:32]} 5. Nc3 {[%clk 1:30:44]} b5 {[%clk 1:30:18]}
6. cxd5 {[%clk 1:29:14]} cxd5 {[%clk 1:30:35]} 7. Bd2 {[%clk 1:26:35]} e6
{[%clk 1:29:22]} 8. Rc1 {[%clk 1:22:07]} Nbd7 {[%clk 1:28:10]} 9. Bd3
{[%clk 1:21:46]} Bb7 {[%clk 1:27:18]} 10. Ne2 {[%clk 1:16:43]} Ne4
{[%clk 1:23:47]} 11. Qb3 {[%clk 1:15:52]} Nxd2 {[%clk 1:22:31]} 12. Nxd2
{[%clk 1:16:06]} Nb6 {[%clk 1:18:48]} 13. O-O {[%clk 1:08:41]} Be7
{[%clk 1:16:20]} 14. Qc3 {[%clk 0:59:48]} Rc8 {[%clk 1:10:54]} 15. Qa5
{[%clk 0:56:25]} Nc4 {[%clk 1:09:38]} 16. Qxd8+ {[%clk 0:56:39]} Bxd8
{[%clk 1:09:39]} 17. Rc2 {[%clk 0:56:38]} Nxd2 {[%clk 1:07:53]} 18. Rxd2
{[%clk 0:57:03]} O-O {[%clk 1:06:21]} 19. Rc1 {[%clk 0:57:00]} Ba5
{[%clk 1:04:53]} 20. Rdc2 {[%clk 0:56:25]} Rxc2 {[%clk 1:04:46]} 21. Rxc2
{[%clk 0:55:54]} Rc8 {[%clk 1:05:09]} 22. Nc1 {[%clk 0:55:18]} Rxc2
{[%clk 1:03:40]} 23. Bxc2 {[%clk 0:55:46]} h6 {[%clk 1:01:32]} 24. Nd3
{[%clk 0:55:25]} Bb6 {[%clk 0:59:47]} 25. b4 {[%clk 0:52:32]} Bc8
{[%clk 0:58:18]} 26. Nc5 {[%clk 0:52:45]} Kf8 {[%clk 0:57:30]} 27. Kf1
{[%clk 0:52:35]} Ke7 {[%clk 0:57:27]} 28. Ke2 {[%clk 0:52:18]} Kd6
{[%clk 0:56:12]} 29. Bd3 {[%clk 0:51:10]} f6 {[%clk 0:53:38]} 30. Kd2
{[%clk 0:49:04]} Bc7 {[%clk 0:44:02]} 31. a3 {[%clk 0:45:26]} Kc6
{[%clk 0:41:10]} 32. g3 {[%clk 0:44:04]} e5 {[%clk 0:37:16]} 33. Be2
{[%clk 0:42:58]} g6 {[%clk 0:29:34]} 34. Bf3 {[%clk 0:34:55]} e4 {[%clk 0:23:05]}
35. Be2 {[%clk 0:33:11]} f5 {[%clk 0:21:10]} 36. h4 {[%clk 0:28:10]} g5
{[%clk 0:16:42]} 37. hxg5 {[%clk 0:27:02]} hxg5 {[%clk 0:17:05]} 38. Bh5
{[%clk 0:20:41]} Bd6 {[%clk 0:11:02]} 39. Bf7 {[%clk 0:18:27]} f4
{[%clk 0:08:44]} 40. gxf4 {[%clk 0:17:15]} gxf4 {[%clk 0:08:56]} 41. Be8+
{[%clk 0:06:21]} Kc7 {[%clk 0:03:32]} 42. Bh5 {[%clk 0:05:11]} f3
{[%clk 0:01:44]} 43. Bf7 {[%clk 0:03:45]} Kc6 {[%clk 0:01:46]} 44. Nb3
{[%clk 0:02:09]} Bc7 {[%clk 0:28:34]} 45. Be8+ {[%clk 0:31:30]} Kd6
{[%clk 0:24:05]} 46. Nc5 {[%clk 0:29:39]} Bd8 {[%clk 0:21:11]} 47. Bf7
{[%clk 0:28:19]} Bc7 {[%clk 0:17:17]} 48. Ke1 {[%clk 0:25:51]} Bd8
{[%clk 0:16:48]} 49. Kf1 {[%clk 0:21:36]} Bh3+ {[%clk 0:13:41]} 50. Kg1
{[%clk 0:21:01]} Bc8 {[%clk 0:14:06]} 51. Bg8 {[%clk 0:18:42]} Bh4
{[%clk 0:13:14]} 52. Nb3 {[%clk 0:16:51]} Bd8 {[%clk 0:12:52]} 53. Bf7
{[%clk 0:16:48]} Be7 {[%clk 0:11:11]} 54. Be8 {[%clk 0:15:59]} Kc7
{[%clk 0:10:15]} 55. Na5 {[%clk 0:13:58]} Bb7 {[%clk 0:07:33]} 56. Bf7
{[%clk 0:11:44]} Ba8 {[%clk 0:07:33]} 57. Be6 {[%clk 0:11:52]} Bd8
{[%clk 0:05:20]} 58. Nb3 {[%clk 0:11:55]} Bc6 {[%clk 0:01:40]} 59. Nc5
{[%clk 0:10:42]} Kb6 {[%clk 0:02:08]} 60. Bc8 {[%clk 0:08:54]} a5
{[%clk 0:02:26]} 61. Be6 {[%clk 0:08:52]} axb4 {[%clk 0:02:29]} 62. axb4
{[%clk 0:09:21]} Be7 {[%clk 0:02:22]} 1/2-1/2

[Event "WCO2014"]
[Site "Tromso"]
[Date "2014.08.03"]
[Round "2.34"]
[WhiteID "11400269"]
[White "Vukikomoala Hilda"]
[BlackID "15700291"]
[Black "Berhe Azeb Asmelash"]
[Result "1-0"]
[LiveChessVersion "1.4.3"]
[BlackElo "1464"]
[WhiteElo "1461"]

1. e4 {[%clk 1:30:57]} e6 {[%clk 1:30:49]} 2. d4 {[%clk 1:31:01]} d5
{[%clk 1:31:10]} 3. exd5 {[%clk 1:29:30]} exd5 {[%clk 1:31:28]} 4. Nf3
{[%clk 1:29:44]} Nf6 {[%clk 1:31:11]} 5. Nc3 {[%clk 1:29:57]} Bg4
{[%clk 1:31:02]} 6. Be2 {[%clk 1:28:42]} Be7 {[%clk 1:30:27]} 7. O-O
{[%clk 1:28:30]} c6 {[%clk 1:29:06]} 8. Bf4 {[%clk 1:27:02]} Ne4 {[%clk 1:26:25]}
9. Qd3 {[%clk 1:25:07]} Bf5 {[%clk 1:25:15]} 10. Qe3 {[%clk 1:21:49]} O-O
{[%clk 1:21:12]} 11. Bd3 {[%clk 1:21:27]} Nxc3 {[%clk 1:15:53]} 12. Bxf5
{[%clk 1:19:44]} Nb5 {[%clk 1:16:06]} 13. Rfe1 {[%clk 1:17:14]} Bf6
{[%clk 1:13:39]} 14. c3 {[%clk 1:15:56]} Nd7 {[%clk 1:13:48]} 15. Qd2
{[%clk 1:08:45]} Nb6 {[%clk 1:12:52]} 16. Qc2 {[%clk 0:58:04]} Nd6
{[%clk 1:13:11]} 17. Bxh7+ {[%clk 0:58:04]} Kh8 {[%clk 1:13:03]} 18. Bd3
{[%clk 0:56:50]} Nbc8 {[%clk 1:10:57]} 19. Re3 {[%clk 0:52:51]} Ne7
{[%clk 1:10:00]} 20. Rae1 {[%clk 0:51:11]} g6 {[%clk 1:06:17]} 21. Ne5
{[%clk 0:49:05]} Ndf5 {[%clk 1:05:19]} 22. Rh3+ {[%clk 0:41:52]} Kg7
{[%clk 1:05:41]} 23. Ng4 {[%clk 0:39:55]} g5 {[%clk 1:04:19]} 24. Be5
{[%clk 0:32:22]} Bxe5 25. Bxf5 {[%clk 0:36:06]} Rh8 {[%clk 1:00:43]} 26. Rxh8
Qxh8 27. Rxe5 Nxf5 28. Qxf5 Kf8 29. Qxg5 Re8 {[%clk 0:58:44]} 30. Nf6
{[%clk 0:21:33]} Rxe5 31. Qxe5 Qh6 32. Qd6+ Kg7 33. Ne8+ Kh7 34. Qxh6+ Kxh6 35.
Nd6 b6 36. Nxf7+ Kg7 37. Ne5 c5 38. f4 Kf6 39. Kf2 cxd4 40. cxd4 b5 41. b4 Ke6
42. h4 1-0

[Event "WCO2014"]
[Site "Tromso"]
[Date "2014.08.03"]
[Round "2.7"]
[WhiteID "8102937"]
[White "Boshra Alshaeby"]
[BlackID "15900053"]
[Black "Arbona Avila Zaily M."]
[Result "1-0"]
[LiveChessVersion "1.4.3"]
[BlackElo "1526"]
[WhiteElo "1947"]

1. d4 {[%clk 1:30:56]} Nf6 {[%clk 1:30:52]} 2. c4 {[%clk 1:31:22]} g6
{[%clk 1:31:16]} 3. Nc3 {[%clk 1:31:48]} Bg7 {[%clk 1:31:34]} 4. e4
{[%clk 1:32:13]} d6 {[%clk 1:31:53]} 5. f3 {[%clk 1:32:38]} O-O {[%clk 1:32:13]}
6. Be3 {[%clk 1:33:05]} Nbd7 {[%clk 1:31:18]} 7. Qd2 {[%clk 1:33:28]} c6
{[%clk 1:29:10]} 8. Nge2 {[%clk 1:32:35]} a6 {[%clk 1:22:46]} 9. g4
{[%clk 1:30:11]} b5 {[%clk 1:21:03]} 10. Ng3 {[%clk 1:26:25]} Nb6
{[%clk 1:16:23]} 11. cxb5 {[%clk 1:15:59]} cxb5 {[%clk 1:15:34]} 12. h4
{[%clk 1:10:50]} b4 {[%clk 0:56:53]} 13. Nd1 {[%clk 1:10:26]} a5 {[%clk 0:52:45]}
14. h5 {[%clk 0:53:33]} Bxg4 {[%clk 0:44:23]} 15. fxg4 {[%clk 0:51:20]} Nxg4
{[%clk 0:44:31]} 16. Be2 {[%clk 0:39:27]} Nxe3 {[%clk 0:34:12]} 17. Nxe3
{[%clk 0:39:25]} e5 {[%clk 0:26:41]} 18. d5 {[%clk 0:38:55]} Qg5 {[%clk 0:22:05]}
19. Ng4 {[%clk 0:25:22]} Qxd2+ {[%clk 0:20:21]} 20. Kxd2 {[%clk 0:24:38]} f5
{[%clk 0:20:13]} 21. hxg6 {[%clk 0:16:35]} hxg6 {[%clk 0:15:56]} 22. Nh6+
{[%clk 0:15:09]} Bxh6+ {[%clk 0:16:08]} 23. Rxh6 {[%clk 0:15:35]} Kg7
{[%clk 0:10:23]} 24. Rah1 {[%clk 0:15:47]} f4 {[%clk 0:09:41]} 25. Rh7+
{[%clk 0:15:38]} Kf6 {[%clk 0:06:38]} 26. Nf1 {[%clk 0:12:52]} Rf7
{[%clk 0:06:38]} 27. R7h6 {[%clk 0:11:03]} Rg8 {[%clk 0:06:30]} 28. Rg1
{[%clk 0:09:21]} Rfg7 {[%clk 0:05:41]} 29. Nh2 {[%clk 0:08:43]} Nc8
{[%clk 0:04:30]} 30. Ng4+ {[%clk 0:08:07]} Kf7 {[%clk 0:04:09]} 31. Rhh1
{[%clk 0:07:36]} Kf8 {[%clk 0:03:19]} 32. Nf6 {[%clk 0:07:54]} 1-0

[Event "WCO2014"]
[Site "Tromso"]
[Date "2014.08.03"]
[Round "2.8"]
[WhiteID "15900444"]
[White "De Mey Maria Paula"]
[BlackID "8102953"]
[Black "Razan Alshaeby"]
[Result "0-1"]
[LiveChessVersion "1.4.3"]
[BlackElo "1804"]
[WhiteElo "1483"]

1. d4 {[%clk 1:30:48]} Nf6 {[%clk 1:30:55]} 2. Bf4 {[%clk 1:30:56]} c5
{[%clk 1:30:57]} 3. e3 {[%clk 1:31:08]} g6 {[%clk 1:30:48]} 4. Nf3
{[%clk 1:30:10]} Bg7 {[%clk 1:31:07]} 5. Bd3 {[%clk 1:30:01]} O-O
{[%clk 1:30:24]} 6. O-O {[%clk 1:27:43]} b6 {[%clk 1:26:34]} 7. Nbd2
{[%clk 1:26:01]} Bb7 {[%clk 1:20:16]} 8. c3 {[%clk 1:23:01]} d6 {[%clk 1:18:37]}
9. Bg3 {[%clk 1:15:55]} Nbd7 {[%clk 1:15:01]} 10. Re1 {[%clk 1:13:15]} Rc8
{[%clk 1:14:27]} 11. h3 {[%clk 1:05:08]} a6 {[%clk 1:03:28]} 12. b3
{[%clk 0:58:21]} cxd4 {[%clk 0:58:02]} 13. cxd4 {[%clk 0:58:02]} b5
{[%clk 0:54:46]} 14. Qe2 {[%clk 0:53:28]} Nd5 {[%clk 0:47:16]} 15. Qf1
{[%clk 0:43:24]} Nb4 {[%clk 0:41:29]} 16. Rec1 {[%clk 0:38:00]} Nxd3
{[%clk 0:37:01]} 17. Rxc8 {[%clk 0:36:30]} Qxc8 {[%clk 0:37:05]} 18. Qxd3
{[%clk 0:36:51]} Qc6 {[%clk 0:32:18]} 19. e4 {[%clk 0:26:54]} Nc5
{[%clk 0:26:41]} 20. Qe2 {[%clk 0:25:41]} Nxe4 {[%clk 0:20:08]} 21. Nxe4
{[%clk 0:26:01]} Qxe4 {[%clk 0:20:35]} 22. Qxe4 {[%clk 0:26:15]} Bxe4
{[%clk 0:21:01]} 23. Rc1 {[%clk 0:26:22]} Bxf3 {[%clk 0:20:12]} 24. gxf3
{[%clk 0:26:41]} Bxd4 {[%clk 0:17:24]} 25. Rc6 {[%clk 0:22:42]} Ra8
{[%clk 0:16:44]} 26. Rc7 {[%clk 0:22:42]} Kf8 {[%clk 0:16:11]} 27. a4
{[%clk 0:21:05]} bxa4 {[%clk 0:16:12]} 28. bxa4 {[%clk 0:21:21]} Rb8
{[%clk 0:15:51]} 29. Bh4 {[%clk 0:20:46]} f6 {[%clk 0:15:59]} 30. Rc6
{[%clk 0:18:42]} a5 {[%clk 0:13:06]} 31. Ra6 {[%clk 0:18:43]} Bc3 0-1

[Event "WCO2014"]
[Site "Tromso"]
[Date "2014.08.03"]
[Round "2.24"]
[WhiteID "10800794"]
[White "Jumba Gloria"]
[BlackID "4001249"]
[Black "Steil-Antoni Fiona"]
[Result "0-1"]
[LiveChessVersion "1.4.3"]
[BlackElo "2112"]
[WhiteElo "1507"]

1. d4 {[%clk 1:30:53]} d6 {[%clk 1:30:50]} 2. c4 {[%clk 1:31:11]} g6
{[%clk 1:31:14]} 3. Nc3 {[%clk 1:31:35]} Bg7 {[%clk 1:31:39]} 4. Nf3
{[%clk 1:31:56]} Bg4 {[%clk 1:31:58]} 5. e3 {[%clk 1:31:47]} Nd7 {[%clk 1:32:06]}
6. Be2 {[%clk 1:32:00]} c6 {[%clk 1:31:14]} 7. h3 {[%clk 1:31:47]} Bxf3
{[%clk 1:31:37]} 8. Bxf3 {[%clk 1:32:13]} e5 {[%clk 1:31:15]} 9. d5
{[%clk 1:31:03]} c5 {[%clk 1:30:19]} 10. e4 {[%clk 1:30:59]} Ne7 {[%clk 1:30:03]}
11. Nb5 {[%clk 1:26:28]} Nb6 {[%clk 1:27:48]} 12. b3 {[%clk 1:26:17]} O-O
{[%clk 1:27:35]} 13. O-O {[%clk 1:26:09]} h6 {[%clk 1:26:43]} 14. Bb2
{[%clk 1:25:55]} Kh7 {[%clk 1:23:23]} 15. g3 {[%clk 1:22:00]} f5 {[%clk 1:21:11]}
16. Bg2 {[%clk 1:21:12]} f4 {[%clk 1:19:33]} 17. Na3 {[%clk 1:20:27]} g5
{[%clk 1:18:35]} 18. Nc2 {[%clk 1:17:15]} Ng6 {[%clk 1:17:25]} 19. Ne1
{[%clk 1:17:22]} Nd7 {[%clk 1:17:26]} 20. Kh2 {[%clk 1:12:24]} Nf6
{[%clk 1:10:16]} 21. Bf3 {[%clk 1:12:20]} Qe8 {[%clk 1:07:21]} 22. Qe2
{[%clk 1:09:44]} Qd7 {[%clk 1:02:33]} 23. g4 {[%clk 1:00:34]} Rf7
{[%clk 1:01:02]} 24. Ng2 {[%clk 1:00:41]} Rh8 {[%clk 1:00:45]} 25. Rh1
{[%clk 0:58:41]} Kg8 {[%clk 1:00:23]} 26. Kg1 {[%clk 0:58:57]} Bf8
{[%clk 0:58:27]} 27. h4 {[%clk 0:57:58]} Nxh4 {[%clk 0:57:58]} 28. Nxh4
{[%clk 0:58:21]} gxh4 {[%clk 0:58:20]} 29. Rxh4 {[%clk 0:58:46]} Rg7
{[%clk 0:56:48]} 30. Kh2 {[%clk 0:56:04]} Be7 {[%clk 0:56:15]} 31. Rh3
{[%clk 0:56:21]} Nxg4+ {[%clk 0:55:21]} 32. Bxg4 {[%clk 0:56:21]} Qxg4
{[%clk 0:55:32]} 33. Qxg4 {[%clk 0:53:32]} Rxg4 {[%clk 0:55:59]} 34. Rg1
{[%clk 0:53:53]} Rxg1 {[%clk 0:56:07]} 35. Kxg1 {[%clk 0:54:13]} Kf7
{[%clk 0:55:34]} 36. Rh5 {[%clk 0:52:12]} Bg5 {[%clk 0:55:48]} 37. Kg2
{[%clk 0:49:41]} a6 {[%clk 0:55:11]} 38. Rh3 {[%clk 0:46:14]} b5 {[%clk 0:54:01]}
39. Bc3 {[%clk 0:30:42]} b4 {[%clk 0:48:52]} 40. Be1 {[%clk 0:30:49]} a5
{[%clk 0:48:42]} 41. f3 {[%clk 0:28:20]} Kg6 {[%clk 0:46:06]} 42. Bf2
{[%clk 0:28:19]} a4 {[%clk 0:45:24]} 43. Rh1 {[%clk 0:28:37]} axb3
{[%clk 0:45:19]} 44. axb3 {[%clk 0:29:05]} Ra8 {[%clk 0:45:38]} 45. Rb1
{[%clk 0:28:41]} Ra2 {[%clk 0:45:09]} 46. Kf1 {[%clk 0:28:57]} h5
{[%clk 0:44:42]} 47. Rd1 {[%clk 0:28:40]} h4 {[%clk 0:41:52]} 48. Be1
{[%clk 0:28:20]} h3 {[%clk 0:41:27]} 49. Rd2 {[%clk 0:28:33]} Ra1
{[%clk 0:41:24]} 50. Rh2 {[%clk 0:24:49]} Bh4 {[%clk 0:41:35]} 51. Re2
{[%clk 0:23:50]} Bxe1 {[%clk 0:41:34]} 0-1

[Event "WCO2014"]
[Site "Tromso"]
[Date "2014.08.03"]
[Round "2.23"]
[WhiteID "4002440"]
[White "Biryukov Alice"]
[BlackID "10800310"]
[Black "Wambugu Jane Wanjiru"]
[Result "1-0"]
[LiveChessVersion "1.4.3"]
[BlackElo "1530"]
[WhiteElo "1941"]

1. e4 {[%clk 1:30:57]} g6 {[%clk 1:30:49]} 2. d4 {[%clk 1:31:15]} c6
{[%clk 1:31:11]} 3. Nc3 {[%clk 1:31:18]} Bg7 {[%clk 1:30:46]} 4. Bc4
{[%clk 1:30:37]} e6 {[%clk 1:28:19]} 5. Nf3 {[%clk 1:30:10]} d5 {[%clk 1:28:21]}
6. Be2 {[%clk 1:28:32]} Ne7 {[%clk 1:27:35]} 7. O-O {[%clk 1:27:56]} O-O
{[%clk 1:27:45]} 8. Bf4 {[%clk 1:25:10]} Nd7 {[%clk 1:22:33]} 9. Qd2
{[%clk 1:22:53]} Re8 {[%clk 1:22:21]} 10. Bh6 {[%clk 1:20:36]} Bh8
{[%clk 1:20:37]} 11. Bg5 {[%clk 1:18:06]} Qc7 {[%clk 1:18:22]} 12. Bxe7
{[%clk 1:16:30]} Rxe7 {[%clk 1:18:11]} 13. e5 {[%clk 1:15:52]} a6
{[%clk 1:15:53]} 14. Nd1 {[%clk 1:11:11]} c5 {[%clk 1:13:22]} 15. c3
{[%clk 1:09:41]} b5 {[%clk 1:13:08]} 16. Ne1 {[%clk 0:58:29]} Bb7
{[%clk 1:01:50]} 17. f4 {[%clk 0:54:17]} Rc8 {[%clk 0:53:40]} 18. Ne3
{[%clk 0:50:34]} f6 {[%clk 0:49:59]} 19. Nf3 {[%clk 0:47:15]} Rf8
{[%clk 0:38:29]} 20. Rac1 {[%clk 0:44:11]} c4 {[%clk 0:36:09]} 21. Bd1
{[%clk 0:41:06]} Bg7 {[%clk 0:31:45]} 22. Bc2 {[%clk 0:36:48]} fxe5
{[%clk 0:28:39]} 23. fxe5 {[%clk 0:36:14]} Bh6 {[%clk 0:24:13]} 24. Qe2
{[%clk 0:34:55]} Qb6 {[%clk 0:21:32]} 25. Rb1 {[%clk 0:32:53]} b4
{[%clk 0:20:40]} 26. Ng4 {[%clk 0:31:41]} Bg7 {[%clk 0:20:32]} 27. Kh1
{[%clk 0:31:03]} a5 {[%clk 0:15:43]} 28. Qe1 {[%clk 0:29:41]} b3 {[%clk 0:15:05]}
29. axb3 {[%clk 0:29:02]} cxb3 {[%clk 0:15:27]} 30. Bd3 {[%clk 0:29:23]} Ba6
{[%clk 0:15:31]} 31. Bxa6 {[%clk 0:28:17]} Qxa6 {[%clk 0:15:55]} 32. Qh4
{[%clk 0:27:32]} Rff7 {[%clk 0:14:12]} 33. Rfd1 {[%clk 0:22:36]} Bf8
{[%clk 0:08:08]} 34. Nf6+ {[%clk 0:18:03]} Nxf6 {[%clk 0:05:03]} 35. exf6
{[%clk 0:18:25]} Ra7 {[%clk 0:01:08]} 36. Ne5 {[%clk 0:18:19]} Rfc7
{[%clk 0:00:52]} 37. Rf1 {[%clk 0:17:27]} 1-0

[Event "WCO2014"]
[Site "Tromso"]
[Date "2014.08.03"]
[Round "2.44"]
[WhiteID "3302385"]
[White "Coro Soledad"]
[BlackID "9800034"]
[Black "Figaro Dericka"]
[Result "1-0"]
[LiveChessVersion "1.4.3"]
[BlackElo "1710"]
[WhiteElo "1839"]

1. c4 {[%clk 1:30:55]} e5 {[%clk 1:30:07]} 2. Nc3 {[%clk 1:31:13]} Nf6
{[%clk 1:30:04]} 3. g3 {[%clk 1:31:35]} c6 {[%clk 1:27:06]} 4. Bg2
{[%clk 1:31:54]} d5 {[%clk 1:27:06]} 5. cxd5 {[%clk 1:31:28]} cxd5
{[%clk 1:27:31]} 6. d3 {[%clk 1:31:45]} Bb4 {[%clk 1:27:42]} 7. a3
{[%clk 1:31:25]} Ba5 {[%clk 1:28:09]} 8. b4 {[%clk 1:29:03]} Bb6 {[%clk 1:26:37]}
9. Nf3 {[%clk 1:28:06]} Nbd7 {[%clk 1:18:54]} 10. Bg5 {[%clk 1:23:18]} Qc7
{[%clk 1:10:52]} 11. Rc1 {[%clk 1:23:14]} Qd6 {[%clk 1:09:55]} 12. Bh3
{[%clk 1:09:14]} h6 {[%clk 1:09:42]} 13. Bxf6 {[%clk 1:08:38]} Nxf6
{[%clk 1:09:52]} 14. Nb5 {[%clk 1:08:35]} Bxf2+ {[%clk 1:08:43]} 15. Kxf2
{[%clk 1:05:58]} Qb6+ {[%clk 1:07:42]} 16. e3 {[%clk 1:05:15]} Bxh3
{[%clk 1:06:08]} 17. Nc7+ {[%clk 1:03:28]} Ke7 {[%clk 1:06:25]} 18. Nxe5
{[%clk 0:57:23]} Rac8 19. Qc2 Rhf8 {[%clk 0:41:16]} 20. g4 {[%clk 0:12:08]} Bxg4
{[%clk 0:15:31]} 21. Rhg1 {[%clk 0:12:29]} Bf5 {[%clk 0:10:53]} 22. Rxg7
{[%clk 0:11:32]} d4 {[%clk 0:08:04]} 23. Qc5+ {[%clk 0:09:14]} Qxc5
{[%clk 0:08:29]} 24. Rxc5 {[%clk 0:09:35]} dxe3+ {[%clk 0:08:31]} 25. Kxe3 1-0